Loading...

Problems of development of tribal areas /

Bibliographic Details
Main Author: Deogaonkar, Sg
Language:Undetermined
Published: Delhi : Leela Devi Pub. , 1980.
LEADER 00473nam a2200133Ia 4500
001 121905
008 170722s9999 xx 000 0 und d
100 |a Deogaonkar, Sg 
245 |a Problems of development of tribal areas / 
260 |a Delhi :  |b Leela Devi Pub. ,  |c 1980. 
300 |a Ppxxii+182  |c 21.5Cms 
942 |c GEN 
999 |c 97554  |d 97554 
952 |0 0  |1 0  |4 0  |6 Y_74477_M0  |7 0  |8 LC1  |9 136628  |a LIB  |b LIB  |d 2017-08-12  |h LC1  |l 1  |o Y744:7:7 M0  |p 181358  |r 2018-03-03  |s 2018-01-30  |v 60.00  |w 2017-08-12  |y GEN